Group facilitation : a research & applications journal

Bibliographic Details
Corporate Author: International Association of Facilitators
Format: Unknown
Language:English
Published: St. Paul, MN : International Association of Facilitators
Subjects:
Online Access:Acceso restringido

MARC

LEADER 00000ny a22000003n 4500
005 20110513141033.0
008 010403c19999999mnufr1 s 0 a0eng c
022 0 |a 1534-5653 
035 |a 5119 
040 |a NSDP  |c NSDP  |d vLex 
082 1 0 |a 158  |2 13 
090 |c 1895  |d 1895 
245 3 0 |a Group facilitation :  |h [Recurso electrn̤ico]  |b a research & applications journal 
256 |a Servicio en ln̕ea 
260 |a St. Paul, MN :  |b International Association of Facilitators 
310 |a Bianual 
506 1 |a Contenido solo disponible en los productos indicados  |d vLex Global  |d vLex Global (Academic Edition, excluding Law Schools)  |d vLex Global (U.S. Academic Edition, excluding Law Schools) 
650 0 4 |a Aprendizaje -  |x Trabajo en equipo 
650 0 4 |a Enseąnza -  |x Mťodos experimentales 
650 0 4 |a Equipos de trabajo  |x Publicaciones perid̤icas 
710 2 |a International Association of Facilitators 
740 |a vLex Revista (Servicios en ln̕ea) 
843 |a Electrn̤ica. Abierta 
853 |8 1  |i (year)  |j (month)  |k (day) 
856 4 0 |z Acceso restringido  |u http://vlex.com/account/login_ip?fuente_id=5119 
942 |c REV